Pharmaceutical Biotechnology (Record no. 233479)

000 -LEADER
fixed length control field nam a22 7a 4500
003 - CONTROL NUMBER IDENTIFIER
control field Nust
005 - DATE AND TIME OF LATEST TRANSACTION
control field 20170308110232.0
008 - FIXED-LENGTH DATA ELEMENTS--GENERAL INFORMATION
fixed length control field 170308b xxu||||| |||| 00| 0 eng d
020 ## - INTERNATIONAL STANDARD BOOK NUMBER
International Standard Book Number 81-239-0614-5
040 ## - CATALOGING SOURCE
Transcribing agency ASAB
082 ## - DEWEY DECIMAL CLASSIFICATION NUMBER
Classification number 615.19
245 ## - TITLE STATEMENT
Title Pharmaceutical Biotechnology
Statement of responsibility, etc. S.P. VYAS
246 ## - VARYING FORM OF TITLE
Title proper/short title pharmaceutical biotechnology
300 ## - PHYSICAL DESCRIPTION
Extent 674 p
942 ## - ADDED ENTRY ELEMENTS (KOHA)
Source of classification or shelving scheme
Koha item type Book
Holdings
Withdrawn status Lost status Source of classification or shelving scheme Damaged status Not for loan Collection code Permanent Location Current Location Date acquired Total Checkouts Full call number Barcode Date last seen Price effective from Koha item type
            Atta-ur-Rahman School of Applied Biosciences (ASAB) Atta-ur-Rahman School of Applied Biosciences (ASAB) 03/08/2017   615.19 VYA ASAB2068 07/29/2019 03/08/2017 Book
© 2023 Central Library, National University of Sciences and Technology. All Rights Reserved.